| 000 | 01666aab a2200313 i 4500 | ||
|---|---|---|---|
| 001 | 768714001 | ||
| 003 | CO-MdFUSB | ||
| 005 | 20230606105226.0 | ||
| 008 | 171122s2013 ck ||||| |||| 00| 0 por d | ||
| 022 | _a0120-3649 | ||
| 040 |
_aCO-MdFUSB _bspa _cCO-MdFUSB _dCO-MdFUSB |
||
| 041 | _apor | ||
| 100 | 1 |
_aAndré Colli, Gelci _eautor |
|
| 242 |
_aLa Ambivalencia Humana : _buna perspectiva Cristiana |
||
| 245 | 1 | 0 |
_aA ambivalência humana : _buma perspectiva cristã _c/ Gelci André Colli y Willibaldo Ruppenthal Neto |
| 300 |
_aVolumen 63. Número 176 (2013), páginas 403-428 _c: 24 cm. |
||
| 520 | 1 | _aEl presente artículo busca identificar la comprensión de la naturaleza humana en una perspectiva antropológica cristiana. No niega la obvia tensión inherente al hombre, pero busca comprenderla como elemento de esta propia naturaleza ambivalente. Al considerar una visión dualística, por la lógica bivalente, una reducción del tema, propone a través de una perspectiva relacional, por la lógica de la propia ambivalencia, la perfección de esa naturaleza: cuerpo y alma y la expectativa de la redención escatológica. | |
| 546 | _aTexto en portugues | ||
| 650 | 1 | 0 |
_aAntropología _94 |
| 653 | _aAntropología filosófica | ||
| 653 | _aNaturaleza humana | ||
| 653 | _aAmbivalencia | ||
| 653 | _aTeología | ||
| 653 | _aHermenéutica | ||
| 700 |
_aRuppenthal Neto, Willibaldo _eautor |
||
| 773 | 0 |
_tTheologica Xaveriana _049424 _959865 _gVolumen 63, número 176 (2013), páginas 403-428 _qPágina 403 |
|
| 773 | 0 |
_tTheologica Xaveriana _049424 _981967 _oR14380 _gVolumen 63, número 176 (2013), páginas 403-428 _qPágina 403 |
|
| 942 | _cANA | ||
| 999 |
_c63571 _d63571 |
||